| 000 | 00954cam a22002295a 4500 | ||
|---|---|---|---|
| 001 | L138317 | ||
| 008 | 070529e2006 xxk f 100 0 eng d | ||
| 035 | _a(Sirsi) u138317 | ||
| 041 | 0 | _aeng | |
| 100 | 1 | _aOdeyinka, Henry A. | |
| 245 | 0 | 0 |
_aAssessing risk impacts on construction cost _h[electronic resource] |
| 260 | _c2006 | ||
| 490 | 0 |
_aCOBRA _v2006 |
|
| 520 | _aDiscusses risk factors for the purpose of assessing their relative importance. Reports that the major risk factors inherent in construction are financial, political and physical. | ||
| 651 | 4 |
_aUnited Kingdom _y |
|
| 690 | _aBUILT ENVIRONMENT-BUILDING COSTS | ||
| 700 | 1 | _aAkindele, O. | |
| 700 | 1 | _aOladapo, A.A. | |
| 711 | 2 |
_aConstruction and Building Research Conference _cUniversity College London, London _d7-8 September 2006 |
|
| 856 | 4 | 0 |
_uhttps://www.rics.org/site/scripts/download_info.aspx?downloadID=2867 _zView the item free of charge at www.rics.org... |
| 942 | _n0 | ||
| 999 |
_c107120 _d107120 |
||